Špičková kvalita pri nízkych nákladoch... Poradenské listy pre výrobkových manažérov a vedúcich marketingu.
Špičková kvalita pri nízkych nákladoch. Dôsledná podpora top-manažmentom. Dômyselné využitie technológie. Účasť všetkých pracovníkov. Striktná orientácia marketingu na spokojnosť zákazníkov.
Uložené v:
| Médium: | Kapitola |
|---|---|
| Jazyk: | Slovak |
| Predmet: | |
| Tagy: |
Žiadne tagy, Buďte prvý, kto otaguje tento záznam!
|
MARC
| LEADER | 00000naa a2200000 4500 | ||
|---|---|---|---|
| 001 | r012456 | ||
| 005 | 20220826093957.2 | ||
| 041 | 0 | |a slo | |
| 044 | |a SK | ||
| 245 | 1 | 0 | |a Špičková kvalita pri nízkych nákladoch... |b Poradenské listy pre výrobkových manažérov a vedúcich marketingu. |
| 520 | |a Špičková kvalita pri nízkych nákladoch. Dôsledná podpora top-manažmentom. Dômyselné využitie technológie. Účasť všetkých pracovníkov. Striktná orientácia marketingu na spokojnosť zákazníkov. | ||
| 610 | 2 | 0 | |a kvalita |
| 610 | 2 | 0 | |a kontrola kvality |
| 610 | 2 | 0 | |a náklady |
| 610 | 2 | 0 | |a manažment |
| 610 | 2 | 0 | |a marketing |